Reinforced concrete fundamentals. (3d ed.) (Record no. 55992)

MARC details
000 -LEADER
fixed length control field 00634nam a2200181 a 4500
008 - FIXED-LENGTH DATA ELEMENTS--GENERAL INFORMATION
fixed length control field 060316s1973 ||||||||||||||||| || u
020 ## - INTERNATIONAL STANDARD BOOK NUMBER
International Standard Book Number 0471257419
050 ## - LIBRARY OF CONGRESS CALL NUMBER
Classification number TA 683.2 Fer
100 ## - MAIN ENTRY--PERSONAL NAME
Personal name Ferguson, Phil M
245 10 - TITLE STATEMENT
Title Reinforced concrete fundamentals. (3d ed.)
250 ## - EDITION STATEMENT
Edition statement 3d ed.
260 ## - PUBLICATION, DISTRIBUTION, ETC.
Place of publication, distribution, etc. New York :
Name of publisher, distributor, etc. John Wiley and Sons
Date of publication, distribution, etc. 1973
300 ## - PHYSICAL DESCRIPTION
Extent viii, 750 p. illus.
350 ## - PRICE (NR) (BK AM CF MU VM SE) [OBSOLETE]
Price 0.00
500 ## - GENERAL NOTE
General note Includes bibliographies.
650 ## - SUBJECT ADDED ENTRY--TOPICAL TERM
Topical term or geographic name entry element REINFORCED CONCRETE CONTRUCTION
995 ## - RECOMMENDATION 995 [LOCAL, UNIMARC FRANCE]
-- 0.00
-- CBU-MAIN LIBRARY (Kitwe)
-- 1
-- 18.00
-- 1
-- DAMAGED
-- Main Library Open Access Collection
Holdings
Withdrawn status Lost status Source of classification or shelving scheme Damaged status Not for loan Home library Current library Shelving location Date acquired Total Checkouts Full call number Barcode Date last seen Price effective from Koha item type
          CBU-MAIN LIBRARY, KITWE. CBU-MAIN LIBRARY, KITWE.   11/30/2022   TA 683.2 Fer 013855 11/30/2022 11/30/2022 MONOGRAPH